The long adventure; (Record no. 38175)

MARC details
000 -LEADER
fixed length control field 00638cam a22002171 4500
001 - CONTROL NUMBER
control field med47000777
003 - CONTROL NUMBER IDENTIFIER
control field DLC
005 - DATE AND TIME OF LATEST TRANSACTION
control field 20260227111600.0
008 - FIXED-LENGTH DATA ELEMENTS--GENERAL INFORMATION
fixed length control field 761204s1946 xx 000 0 eng c
010 ## - LIBRARY OF CONGRESS CONTROL NUMBER
LC control number med47000777
035 ## - SYSTEM CONTROL NUMBER
System control number (OCoLC)2595079
040 ## - CATALOGING SOURCE
Original cataloging agency U.S. Army medical library
Transcribing agency O
Modifying agency OCoLC
-- DLC
042 ## - AUTHENTICATION CODE
Authentication code premarc
050 00 - LIBRARY OF CONGRESS CALL NUMBER
Classification number RC310
Item number .M33
082 ## - DEWEY DECIMAL CLASSIFICATION NUMBER
Classification number 616.24609
100 1# - MAIN ENTRY--PERSONAL NAME
Personal name McCall, Marie,
Dates associated with a name 1909-
245 14 - TITLE STATEMENT
Title The long adventure;
Remainder of title chapters in the story of tuberculosis control.
260 ## - PUBLICATION, DISTRIBUTION, ETC.
Place of publication, distribution, etc. [New York?]
Name of publisher, distributor, etc. National Tuberculosis Assn.,
Date of publication, distribution, etc. c1946.
300 ## - PHYSICAL DESCRIPTION
Extent 31 p.
Other physical details illus.
Dimensions 23 cm.
650 #0 - SUBJECT ADDED ENTRY--TOPICAL TERM
Topical term or geographic name entry element Tuberculosis
General subdivision History.

No items available.

Powered by Koha